000 00400nam a2200157Ia 4500
008 240729s9999 xx 000 0 und d
022 _a2090-9810
245 0 _aE-Journal of Chemistry
260 _aUnited Kingdom
260 _bHindawi Limited
650 _a Chemistry
650 _aScience
856 _uhttps://doaj.org/toc/f4ec5d81a4114e2295f717b799525058
942 _2ddc
942 _cDOAJEJ
999 _c71608
_d71608
945 _a1
_bMadushi Gamage
_c1
_dMadushi Gamage